Țările nordice cu capitalele lor - Statistics

General Stats
  • This quiz has been taken 9 times
  • The average score is 8 of 10
Answer Stats
Răspuns % Correct
Danemarca
100%
Finlanda
100%
Norvegia
100%
Oslo
100%
Copenhaga
83%
Islanda
83%
Stockholm
83%
Suedia
83%
Helsinki
67%
Reykjavik
33%
No matching quizzes found
Score Distribution
Percent of People with Each Score
Percentile by Number Answered
Your Score History
You have not taken this quiz